[Event "Lost Boys 5th"]
[Site "Antwerp"]
[Date "1997.??.??"]
[Round "6"]
[White "Piket, Jeroen"]
[Black "Van der Sterren, Paul"]
[Result "1/2-1/2"]
[WhiteElo "2630"]
[BlackElo "2555"]
[Annotator "Tsesarsky,I"]
[PlyCount "110"]
[EventDate "1997.08.01"]
[EventType "tourn"]
[EventRounds "7"]
[EventCountry "BEL"]
[EventCategory "15"]
[SourceTitle "CBM 061"]
[Source "ChessBase"]
[SourceDate "1997.11.23"]
[SourceVersion "1"]
[SourceVersionDate "1997.11.23"]
[SourceQuality "1"]

1. d4 {Novikov} Nf6 2. c4 e6 3. Nf3 d5 4. Nc3 Be7 5. Bg5 h6 6. Bh4 O-O 7. Rc1
dxc4 8. e3 c5 9. Bxc4 cxd4 (9... Nc6 10. dxc5 Qxd1+ 11. Rxd1 Bxc5 12. O-O $14)
10. Nxd4 Bd7 (10... a6 11. O-O b5 (11... e5 12. Nf3 Qxd1 13. Rfxd1 Nc6 14. h3
Rd8 15. Bg3 Rxd1+ 16. Rxd1 Nd7 (16... e4 17. Nd4 Nxd4 18. exd4 $16) 17. Bd5 $16
{1-0 Stean,M-Burger,K/Beer Sheva 1982 (19)}) 12. Be2 Bb7 13. Bf3 $1 Ra7 14.
Bxb7 (14. Bg3 $5 Qb6 15. a4 Bb4 16. Nb1 $16) 14... Rxb7 15. Qf3 Rd7 16. Rfd1
Qb6 17. a4 $1 bxa4 (17... b4 18. Nb1 $14) 18. Nxa4 Qb4 19. b3 Rfd8 20. h3 $1 (
20. Rc4 $2 Qxb3 $17) 20... Qb7 (20... e5 21. Nf5 $1 $14) 21. Qxb7 Rxb7 22. Bg3
$1 $14 {1-0 Uhlmann,W-Lputian,S/Berlin 1982 (34)}) (10... Nd5 11. Bxe7 Nxe7 12.
O-O Nbc6 13. Ndb5 Qa5 14. a3 Ne5 15. Be2 a6 16. b4 Qd8 17. Nd6 Rb8 18. e4 $14 {
1-0 Rivas Pastor,M-Donner,J/Marbella zt B 1982 (31)}) 11. Bg3 (11. Be2 Nc6 12.
Nb3 Nd5 13. Bxe7 Ncxe7 14. Nxd5 Nxd5 15. Qd4 Bc6 16. Bf3 Ne7 $11 {1/2-1/2
Kortschnoj,V-Karpov,A/Wch30-Merano 1981 (23)}) 11... Nc6 (11... a6 12. e4 (12.
O-O Nc6 13. Nb3 b5 14. Be2 Qb6 15. a4 b4 16. Ne4 Rfd8 $132 {1/2-1/2 Sorin,
A-Glimbrant,T/Ibercaja op 1992 (46)}) 12... Nc6 13. Nb3 b5 (13... Qb6 14. e5
Nh7 15. O-O Rfd8 16. Qe2 Be8 17. Kh1 Nd4 18. Nxd4 Rxd4 19. f3 Qd8 20. Rcd1 Bc6
21. Bd3 Nf8 22. Ne4 Qa5 (22... Rd7 23. Nd6 $14) 23. Bb1 Rd5 (23... Bb5 24. Qc2
Rc4 $132) 24. Nd6 Bxd6 (24... Rd8 $132) 25. exd6 $14 {Karpov,A-Beliavsky,A/
Dortmund 1995/CBM 48/1-0 (60)}) 14. Bd3 b4 15. Na4 Ne5 16. Bxe5 Bxa4 17. Qe2
Qb6 18. Bd4 Qb8 19. e5 $14 {1-0 Ivanchuk,V-Gelfand,B/It, Dortmund GER 1997 (48)
}) 12. Ndb5 (12. Nb3 Na5 13. Be2 Rc8 14. O-O Nc4 15. Qc2 b5 16. Rfd1 b4 17. Nb5
Nd6 18. Qb1 Bxb5 19. Bxb5 Qb6 20. Bd3 $14 {1/2-1/2 Ornstein,A-Schussler,H/
SVE-ch Malmo 1986 (30)}) 12... a6 13. Nd6 b5 (13... Qb6 14. Be2 Bxd6 15. Bxd6
Rfd8 16. Bg3 Be8 17. Qc2 Nb4 18. Qb1 a5 19. O-O Bc6 20. Rfd1 Nbd5 21. Be5 Nxc3
{1/2-1/2 Komarov,D-Goldin,A/JUG-chT 1997/EXP 59} 22. Bxc3 Be4 23. Qa1 $14) 14.
Be2 Qb6 (14... e5 $5 15. Bf3 (15. O-O Be6 16. Bf3 Bxd6 17. Bxc6 Rc8 18. Bb7 Rc7
19. Bxa6 b4 20. Nb5 Rxc1 21. Qxc1 Bb8 22. Bb7 Qa5 23. a4 Qxa4 $11) 15... Qc7
16. Nce4 Nxe4 17. Nxe4 Rfd8 18. O-O Rac8 $15) 15. a4 b4 16. Nb1 Na5 (16... Rad8
17. Nc4 Qa7 $11) 17. Nxf7 $1 {/\ Bc7} (17. O-O Bc6 $15) 17... Bc6 $1 (17...
Rxf7 18. Bc7 Qb7 19. Bxa5 $14) (17... Kxf7 18. Bc7 $14) (17... Rfc8 18. Rxc8+
Rxc8 19. Ne5 Bxa4 20. Qxa4 Rc1+ 21. Bd1 Rxb1 22. Qc2 Ra1 23. O-O $14) 18. Ne5
$8 Bxg2 (18... Rfd8 19. Nd3 Ne4 (19... Bxg2 20. Bc7 $16) 20. Be5 $1 $14 (20.
O-O Nc5 $15)) 19. Rg1 (19. Ng6 $5 Ra7 $1 (19... Bxh1 20. Nxe7+ Kf7 21. Bc7 Qb7
22. Bxa5 $18) (19... Rfd8 20. Nxe7+ Kf7 21. Qc2 Bxh1 22. Qg6+ Kf8 (22... Kxe7
23. Qxg7+ $18) 23. Rc7 (23. Bc7 Qb7 24. Bxa5 Rd7 (24... Qxe7 25. Bxd8 Rxd8 (
25... Qxd8 26. f3 Rc8 27. Rd1 $18 {[%csl Rh1]}) 26. f3 $18 {[%csl Rh1]}) 25.
Rc4 Be4 26. Rxe4 Nxe4 27. Bf3 $18) 23... Be4 24. Nf5 Qxc7 25. Bxc7 Bxf5 26. Qg2
$18) 20. Nxe7+ Rxe7 21. Qd6 $1 (21. Rg1 Rd7 $17) 21... Nc6 $1 (21... Qxd6 22.
Bxd6 Rd7 23. Bxf8 Bxh1 24. Bxb4 $18) 22. Rg1 (22. a5 Qb7) 22... Bd5 23. a5 (23.
Rxc6 Qxc6 24. Qxe7 Qc1+ 25. Bd1 Bb3 26. Qd6 Qxb1 27. Be5 Ne8 28. f4 $1 Nxd6 29.
Rxg7+ Kh8 30. Rf7+ Kg8 31. Rg7+ $11) 23... Qb7 $15 {[%csl Re1]}) 19... Rad8 (
19... Be4 20. Nd7 Nxd7 21. Qxd7 $16) 20. Nd2 Ne4 $8 (20... Bc6 21. Bf4 Ne4 22.
Nxc6 Nxc6 23. Qc2 Nxd2 24. Qxc6 Qxc6 25. Rxc6 $18) 21. Bd3 $1 Nxd2 (21... Nxg3
$1 22. Rxg2 (22. hxg3 Bf6 23. Ndc4 Nxc4 24. Nxc4 Qb7 25. Qb3 Qf3 $19 26. Be2
Bc3+ $19) 22... Nf5 23. Qh5 (23. Ndc4 Nxc4 24. Nxc4 Qb7 25. e4 $8 Nd4 26. Qg4
Bg5 $17) 23... Bf6 24. Bxf5 exf5 25. Ndf3 (25. Qxf5 Rxd2 26. Nd7 (26. Kxd2 Nb3+
$19) 26... Rxd7 27. Qxd7 Rd8 28. Rc8 Rxc8 29. Qxc8+ Kf7 30. Qd7+ Kf8 31. Qc8+
Ke7 $15) 25... Qb7 $17) 22. Rxg2 Qb7 $4 (22... Ndb3 $1 23. Ng6 Bf6 24. Rc7 (24.
Nxf8 Nxc1 25. Bh7+ Kxf8 26. Qxc1 Nb3 $17) 24... Nc5 25. Rxc5 Qxc5 26. Nxf8 Kxf8
$17) 23. Rg1 $4 (23. Qg4 $1 $18 Qxg2 (23... Nf3+ 24. Nxf3 Qxf3 (24... Rxd3 25.
Qxe6+ Kh7 26. Be5 Bf6 27. Rc7 $18) 25. Qxe6+ (25. Qxf3 Rxf3 26. Bxa6 $16) 25...
Qf7 26. Qe4 $18) (23... Rxd3 24. Bf4 $1 (24. Qxe6+ Kh8 25. Ng6+ Kh7 26. Nxf8+
Bxf8 27. Qf5+ Kg8 28. Qxd3 Ndb3 (28... Qxg2 29. Kxd2 $18) 29. Rc7 Qxg2 30. Ke2
Qh1 $8 31. Be5 (31. Qxa6 Qe4 (31... Nc1+ 32. Rxc1 Qxc1 33. Qxa5 Qxb2+ 34. Kf3
Qf6+ 35. Ke4 Qe6+ 36. Kd4 $16 (36. Be5 Qc4+ 37. Bd4 Qc2+ 38. Kf3 Qd1+ $11)) 32.
Qd3 Qxd3+ 33. Kxd3 Nc5+ 34. Kc2 b3+ 35. Kb1 $16) 31... Nc1+ 32. Rxc1 Qxc1 33.
Qd5+ Kh7 34. Qxa5 Qc2+ 35. Kf1 Qd1+ 36. Kg2 Qg4+ 37. Bg3 Qe4+ $11) (24. Nxd3 {
Novikov} Qxg2 (24... Nab3 25. Qxe6+ Kh7 26. Qc6) 25. Qxe6+ Kh8 26. Kxd2) 24...
Bf6 (24... Nf3+ 25. Kf1 $1 (25. Nxf3 Bd6 26. Qxe6+ Qf7 27. Rxg7+ Kxg7 28. Qxh6+
Kg8 29. Ke2 $1 $18) 25... Ng5 26. Nxd3 $18) 25. Nxd3 $18) 24. Qxe6+ Kh8 25.
Ng6+ $18) 23... Nab3 $1 (23... Rxd3 24. Nxd3 Nf3+ 25. Kf1 Nxg1 26. Kxg1 Rc8 $11
) 24. Qg4 (24. Rc2 Rxd3 25. Nxd3 Nf3+ 26. Kf1 Qe4 $15) 24... Rxd3 $1 (24...
Nf3+ 25. Nxf3 Nxc1 26. Qxe6+ (26. Qxg7+ Kxg7 27. Be5+ Kf7 28. Bg6+ Kg8 29. Be4+
Bg5 30. Nxg5 Nd3+ 31. Bxd3 Rxd3 32. Nf7+ Kxf7 33. Rg7+ Ke8 34. Rxb7 $132) 26...
Kh8 27. Be4 $8 Rf6 (27... Nd3+ 28. Ke2 Nc5 29. Bxb7 Nxe6 30. Ne5 $16) 28. Qg4 (
28. Be5 Nd3+ 29. Kf1 Nxe5 $1 30. Qxf6 (30. Qxe5 Qd7 31. Nd4 Rdf8 32. f3 Bd6 $19
) 30... Bxf6 31. Bxb7 Nxf3 32. Bxf3 Bxb2 33. Ke2 $15) 28... Qc8 $8 29. Qxc8
Rxc8 30. Ne5 Nb3 31. Ke2 Nc1+ 32. Kf1 b3 33. Ng6+ Rxg6 34. Bxg6 Bf6 35. Kg2
Bxb2 36. Rd1 Bf6 37. Rd6 a5 38. Rd5 Ne2 39. Rxa5 Nc3 40. Ra7 b2 41. a5 b1=Q 42.
Bxb1 Nxb1 43. a6 Nc3 44. Rb7 Ra8 45. Rb8+ (45. a7 Kh7 46. Bd6 (46. Bb8 $14)
46... Ne4 47. Bb4 Kg6 48. f3 Nc3 49. Bc5 Be5 50. f4 Ne4 51. Bb6 Bd6 52. Bd4 Nf6
53. Kf3 $14) 45... Rxb8 46. Bxb8 Nd5 47. a7 Nb6 48. e4 $14) (24... Rf5 25. Bxf5
exf5 26. Qxf5 Nxc1 27. Qf7+ Kh8 (27... Kh7 28. Bh4 $18) 28. Bf4 $18) 25. Qxe6+
Kh7 $8 26. Qg6+ (26. Nxd3 Nf3+ 27. Kf1 Nxc1 28. Nxc1 Rf6 $17) 26... Kh8 (26...
Kg8 27. Qxd3 (27. Nxd3 Nf3+ 28. Ke2 Rf6 29. Qg4 Nxg1+ 30. Rxg1 $16) 27... Rd8 (
27... Nf3+ 28. Nxf3 Nxc1 29. Qc4+ Kh8 30. Be5 $18) 28. Qg6 Nxc1 (28... Bf6 29.
Rd1 Qd5 (29... Bxe5 30. Bxe5 Nf3+ 31. Ke2 $18) 30. Qh5 $16) 29. Qf7+ Kh7 30.
Bh4 $18) 27. Rc6 $4 (27. Qxd3 Nf3+ 28. Kd1 (28. Nxf3 Nxc1 29. Qd2 Qxf3 30. Qxc1
b3 (30... Bf6 $36 {Novikov}) 31. Qc3 Rd8 $19) 28... Nxc1 29. Ng6+ Kg8 30. Qc4+
Rf7 31. Ne5 Bg5 32. Nxf3 Qxf3+ 33. Kxc1 Bxe3+ 34. Kb1 Bb6 $132) (27. Nxd3 Nxc1
(27... Nf3+ 28. Ke2 $16) 28. Kxd2 Nxd3 29. Kxd3 Bf6 $15) 27... Rd5 $1 (27...
Rdd8 $144 $1 28. Qxh6+ (28. Bf4 Bf6) (28. Bh4 Bxh4 29. Qxh6+ gxh6 30. Rxh6+ Qh7
31. Ng6+ Kg7 $19) 28... gxh6 29. Rxh6+ Kg7 30. Bf4+ Bg5 $3 31. Rg6+ Kh7 32.
Bxg5 Nf3+ 33. Nxf3 Qxf3 $19) 28. Qe6 (28. Rb6 Qc8 29. Rc6 Qe8 $19) 28... Rxe5
$1 $19 29. Bxe5 Nf3+ 30. Kd1 Bg5 $5 (30... Bf6 $1 31. Bxf6 (31. Rxg7 $3 {
Novikov} Bxg7 32. Qxh6+ Kg8 33. Bxg7 Qxg7 34. Rg6 $18) 31... Nxg1 32. Be5 Rd8+
33. Kc2 Na1+ 34. Kb1 Rd1+ 35. Ka2 (35. Rc1 Qe4+ 36. Ka2 b3+ 37. Ka3 Nc2+ 38.
Kxb3 Qd3+ 39. Bc3 Rxc1 40. Qxh6+ Qh7 $19) 35... b3+ 36. Ka3 Nc2+ 37. Rxc2 Ra1#)
31. Rxg5 (31. Rc7 {Novikov} Rd8+ 32. Kc2 Nbd4+ $1 33. exd4 Qe4+ 34. Kb3 Nxd4+
$19) 31... Nxg5 (31... hxg5 $19) 32. Qxh6+ Nh7 33. f4 (33. Ke1 Na5 $19) 33...
Na5 34. Qxg7+ (34. Rxa6 Qf3+ $19) 34... Qxg7 35. Bxg7+ Kxg7 36. Rxa6 Nc4 (36...
Rd8+ 37. Ke2 Nb3 $19) 37. Ra7+ {[#]} Rf7 (37... Kg6 {Novikov} 38. Rb7 Nxb2+ 39.
Ke2 Nxa4 40. Rxb4 Nc3+ 41. Kd3 Nf6 $1 $19) 38. Rxf7+ Kxf7 39. Kc2 Na5 (39...
Nxe3+ 40. Kb3 Nd5 41. a5 Nf8 42. a6 Nd7 43. a7 N7b6 44. h4 Kg6 45. Kc2 Nxf4 $19
) 40. Kd3 Ke6 41. Kd4 Kd7 $4 $11 (41... Nf6 $4 42. Kc5 Nd5 43. e4 Nb7+ 44. Kc6
Nc3 (44... Nxf4 45. Kxb7 $16) 45. Kxb7 Nxa4 46. b3 Nc5+ 47. Kb6 Nxb3 48. Kb5
Nc5 $11) (41... Kd6 $1 42. e4 Nf8 43. e5+ Kc6 44. f5 Nd7 45. e6 (45. f6 Nf8 46.
h4 Ne6+ 47. Ke4 Nc4 48. h5 Nxb2 49. h6 Nf8 50. Kf5 Nc4 51. e6 Nd6+ 52. Ke5 b3
53. e7 Ng6+ 54. Ke6 b2 55. f7 Nf4+ 56. Kf6 Nd5+ 57. Kg7 Nf5+ 58. Kh8 Ndxe7 $19)
(45. h4 Nb6 46. h5 Nb3+ 47. Ke4 Nd2+ 48. Kf4 Nd5+ 49. Kg3 Nc4 50. h6 Nxe5 $19)
45... Nc5 $2 (45... Nb6 $1 46. f6 Kd6 47. f7 Nb3+ 48. Ke3 (48. Kd3 Nc5+ 49. Kc2
Nxe6 50. Kb3 Kc5 $19) 48... Ke7 49. h4 Nc4+ (49... Nxa4 $2 50. h5 Nb6 51. h6
Nd5+ 52. Kd3 $16) 50. Kd3 Nd6 51. h5 Nc5+ 52. Kd4 Nxe6+ 53. Kd5 Nf4+ 54. Kc5
Nd3+ 55. Kd4 Nxb2 56. a5 Nbc4 57. a6 Kxf7 58. a7 Nb6 59. Kc5 b3 $19) 46. h4 Kd6
47. h5 Nc6+ 48. Kc4 Ne4 49. h6 Nf6 50. a5 $11) 42. Kc5 Nc6 $8 43. a5 Nf6 44. a6
Ne4+ (44... Kc7) 45. Kd5 Nc3+ 46. Kc4 Nd1 47. a7 Nxa7 48. Kxb4 {[#]} Nxb2 (
48... Nxe3 $142 $1 {Novikov} 49. h4 Nf5 50. h5 Nh6 51. f5 (51. Kc5 Nc8 52. b4
Ne7 53. b5 Kc7 54. b6+ Kb7 55. Kd6 Nef5+ 56. Kc5 Ng7 57. Kb5 Ne6 58. f5 Nd4+)
51... Nc8 $1 52. f6 Ke6 53. Kc5 Kxf6 54. b4 Ke7 55. Kc6 Kd8 56. b5 Ne7+ 57. Kb7
Kd7 58. b6 Nc8 59. Ka6 Nd6 60. Ka7 Kc6 61. Ka6 Nb7 62. Ka7 Nc5 $19) 49. h4 Ke6
50. h5 Nc6+ 51. Kb5 Nd8 52. h6 Kf5 53. e4+ Kxf4 54. h7 Nf7 55. e5 Kxe5 1/2-1/2

[Event "Linares Anibal op 07th"]
[Site "Linares"]
[Date "2000.01.14"]
[Round "8"]
[White "Zakharov, Alexander S"]
[Black "Frois, Antonio"]
[Result "1-0"]
[WhiteElo "2425"]
[BlackElo "2395"]
[Annotator "Tsesarsky,I"]
[PlyCount "57"]
[EventDate "2000.01.07"]
[EventType "swiss"]
[EventRounds "10"]
[EventCountry "ESP"]
[SourceTitle "CBM 075"]
[Source "ChessBase"]
[SourceDate "2000.04.05"]
[SourceVersion "1"]
[SourceVersionDate "2000.04.05"]
[SourceQuality "1"]

1. d4 d5 2. c4 e6 3. Nc3 Nf6 4. Bg5 Be7 5. e3 O-O 6. Qc2 $11 {This move
doesn't promise to white any advantage.} (6. Nf3 $142) 6... c5 $5 (6... h6 $5
7. Bh4 (7. Bf4 c5 8. dxc5 Bxc5 9. Nf3 (9. cxd5 Nxd5 10. O-O-O Qa5 11. Nxd5 exd5
$132) 9... Nc6 10. Rd1 Qe7 11. Ne5 $11 {1/2-1/2 Gligoric,Svetozar-Unzicker,
Wolfgang/Staunton mem (2) ;MCD 1951 (16)}) (7. Bxf6 Bxf6 8. Rd1 Nc6 9. Nf3 b6
10. a3 Bb7 11. cxd5 exd5 12. Be2 Ne7 13. O-O Re8 14. b4 c6 $11 {Nikolic,
Predrag-Gabriel,Christian/Vidmar mem Portoroz ;CBM 37 1993/1/2-1/2 (41)}) 7...
c5 8. dxc5 Qa5 9. O-O-O (9. cxd5 Nxd5 10. Bxe7 Nxe7 $11) 9... dxc4 10. Bxc4
Qxc5 11. Ne4 Nxe4 12. Bxe7 Qxe7 13. Qxe4 Nd7 14. Nf3 Nf6 15. Qe5 Bd7 16. Kb1
Rac8 {1/2-1/2 Taimanov,Mark E-Wexler,Bernardo/Buenos Aires (13) ;MCD 1960}) 7.
dxc5 (7. Nf3 Nc6 8. dxc5 (8. Rd1 cxd4 9. exd4 dxc4 10. Bxc4 Nb4 11. Qe2 Nbd5
12. O-O Nxc3 13. bxc3 Qc7 14. Ne5 Nd5 (14... b6 $11) 15. Bxe7 Qxe7 16. Qf3 (16.
Ng6 hxg6 17. Bxd5 Qc7 $11) 16... Qd6 $11 {Karner,Hillar-Nevanpera,Martti/
FIN-chT 9697 Division-B (3) ;EXT 99 1996/1/2-1/2 (51)}) 8... Qa5 9. Nd2 dxc4
10. Bxc4 Qxc5 11. Bxf6 Bxf6 12. Nce4 Qe7 13. O-O e5 14. a3 Be6 15. Bd3 g6 16.
Nxf6+ Qxf6 17. Ne4 Qe7 $11 {Saeed,NM-Victor,G/Dubai ol (Men) (9) ;TD 1986/1-0 
(75)}) 7... Qa5 $5 (7... Nbd7 8. cxd5 Nxd5 9. Bxe7 Nxe7 10. O-O-O (10. Bd3 h6
11. Rd1 Qa5 12. a3 Qxc5 13. Nf3 Nf6 $11 {Prins,Lodewijk-Winz,Victor/Buenos
Aires ol f-A (8) ;HCL 1939/1/2-1/2 (64)}) 10... Qc7 11. Bd3 h6 12. Na4 $14) (
7... dxc4 8. Nf3 (8. Bxc4 Qa5 9. Bd3 (9. O-O-O Qxc5 10. Bxf6 Bxf6 11. Ne4 Qe7
12. Bd3 Bd7 13. Kb1 (13. Nxf6+ Qxf6 14. Bxh7+ Kh8 $17 {[%cal Gg7g6,Gf8c8]})
13... Rc8 14. Qe2 Ba4 $132 {1/2-1/2 Arbakov,Valentin-Barskij,Vladimir/Moscow6 ;
TD 1991 (40)}) 9... h6 10. Bxf6 Bxf6 11. Rc1 Qxc5 12. Qa4 Bd7 13. Qe4 g6 14.
Nge2 Bc6 15. Qg4 Nd7 $15 {1/2-1/2 Rabar,Braslav-Vukovic,Sava/JUG-ch Zagreb (7)
;EXT 2000 1949 (29)}) 8... Qa5 9. Bxc4 Qxc5 10. Bd3 (10. Be2 Nc6 11. O-O h6 12.
Bh4 Nd5 13. Bxe7 Ncxe7 14. Rac1 Nxc3 15. Qxc3 Qxc3 16. Rxc3 Nd5 17. Rcc1 b6 18.
Nd4 Bb7 $11 {1/2-1/2 Pachman,Ludek-Foltys,Jan/Budapest (13) ;EXT 99 1948 (26)})
10... h6 11. Bh4 Nc6 12. a3 a6 (12... Bd7 13. Rd1 (13. O-O Rac8 14. Rfd1 Rfd8
15. Bxf6 Bxf6 16. Nd5 Qxc2 (16... Be7 $11) 17. Nxf6+ gxf6 18. Bxc2 Kf8 19. Rac1
Ke7 $11 {1/2-1/2 Murrey,Jacob-Bricard,Emmanuel/Philidor mem (7) ;EXT 98 1995 
(35)}) 13... Rfd8 14. b4 Qh5 15. h3 Ne5 16. Nxe5 Qxh4 17. Nf3 Qh5 18. Rh2 $1
Bc6 19. g4 Nxg4 20. hxg4 Qxg4 21. Bh7+ Kf8 22. Rxd8+ Rxd8 23. Be4 Bxe4 24. Qxe4
Qxe4 25. Nxe4 Rd3 26. Ke2 $14 {Kortschnoj,Viktor-Chiburdanidze,Maia/Flamenco
Veterans-Women (3) ;CBM 74 no vc 1999/1/2-1/2 (149)}) 13. O-O Bd7 14. Rfd1 Rfd8
15. Rac1 Ne5 16. Nxe5 Qxe5 17. Be4 Qc7 18. Nd5 Qxc2 19. Nxe7+ Kf8 20. Ng6+ fxg6
21. Bxc2 g5 22. Bg3 $14 {Gerstenfeld,Eduard Issakovich-Rauzer,Vsevolod/URS-sf
Kiev ;HCL 1940/1/2-1/2 (47)}) 8. cxd5 (8. Nf3 Nbd7 9. a3 dxc4 10. Bxc4 Qxc5 11.
Bd3 h6 12. Bh4 Ne5 13. Nxe5 Qxe5 14. O-O Bd7 15. Bg3 Qa5 16. b4 Qb6 17. Rfd1
Rac8 $11 {1/2-1/2 Saa,Andreas-Wiechmann,Gernot/GER op Germany (1) ;EXT 2000
1993 (29)}) 8... exd5 $6 $14 {[%csl Rd5] Position with isolated pawn will be
worse for Black than without it} (8... Nxd5 $142 9. Bxe7 Nxe7 10. O-O-O Qxc5
11. Nf3 Nbc6 12. Kb1 (12. Bd3 $6 Nb4 13. Qb3 (13. Bxh7+ Kh8 14. Qb1 g6 $17) (
13. Qe2 Nxa2+) 13... Nxd3+ 14. Rxd3 e5 $11) 12... e5 13. Bd3 Ng6 14. Nd5 Qxc2+
15. Bxc2 Bg4 $11) 9. Rd1 (9. O-O-O Be6 10. Bd3 h6 11. h4 (11. Bxf6 Bxf6 12.
Nge2 (12. Nf3 Rc8 $15) (12. Nxd5 Bxd5 13. Bh7+ Kh8 14. Rxd5 Qxa2 $15) 12... Rc8
13. Nxd5 Bxd5 14. Bh7+ Kh8 15. Rxd5 Qxa2 $15) 11... Nbd7 12. Nge2 Nxc5 13. Bh7+
Kh8 14. Nf4 Rad8 (14... Rac8 15. Kb1 Nce4 16. Bxe4 dxe4 17. Nxe6 fxe6 18. Qb3
$16) 15. Kb1 Na6 16. Bg6 $5 Rc8 $132) 9... Be6 (9... Nbd7 10. Bd3 (10. Nf3 Nxc5
11. Be2 Nce4 12. Bxf6 Bxf6 13. Nd4 Bd7 $11) 10... Bxc5 11. Nf3 Re8 12. O-O $14)
10. Nf3 Nc6 11. Bb5 $1 a6 (11... h6 12. Bh4 a6 13. Bxc6 bxc6 14. Nd4 Qxc5 15.
O-O Rab8 16. Rd2 $14) 12. Bxc6 bxc6 13. Nd4 Qxc5 14. O-O Rfc8 15. e4 {
Advantage transformation.} dxe4 (15... Bg4 16. Rd2 h6 (16... Rab8 17. e5 Nd7
18. Nb3 Rxb3 19. Bxe7 Qxe7 20. axb3 Nxe5 21. f3 $14) 17. Bh4 Bd8 18. Nb3 $14)
16. Nxe6 fxe6 17. Bxf6 Bxf6 18. Qxe4 Bxc3 (18... Re8 $14) 19. Qxe6+ Kh8 20.
bxc3 Qxc3 21. Rc1 Qf6 (21... Qd3 22. Rxc6 $16) 22. Qxf6 gxf6 23. Rfd1 Rab8 (
23... c5 24. Rd7 c4 25. Rc3 Rd8 26. Rxd8+ Rxd8 27. Kf1 Rd2 (27... Rd4 28. Ke2
Kg7 29. Ke3 Rh4 30. h3 Kf7 31. f4 $16 {[%csl Rc4]}) 28. a4 Kg7 29. Rxc4 Ra2 $16
) 24. g3 Rb2 25. a3 Rb3 (25... c5 $1 26. Rc4 (26. Rd6 Kg7 27. Rxa6 c4 28. Rc3
Rc5 {[%cal Gc5f5]} 29. Rd6 Rf5 30. f4 Rh5 31. h4 Rhb5 (31... Ra5 32. Rd4 $16)
32. Rd4 (32. Rxc4 Ra2 33. Rb4 Rc5 $44) 32... Ra2 33. Rdxc4 Rb1+ 34. Rc1 Rxc1+
35. Rxc1 Rxa3 $44)) 26. Rd7 Rxa3 27. Rc5 a5 (27... Kg8 28. Rh5 Ra2 29. Rdxh7 (
29. Rhxh7 a5) 29... Re8) 28. Rh5 c5 (28... Kg8) 29. Rdxh7+ 1-0